Fruits et légumes les plus consommés en France - Statistiques

Statistiques générales
  • Ce quiz a été pris 1 881 fois
  • Le résultat moyen est 13 sur 20
Statistiques - réponses
Conso * Réponse % Correct
16 Pomme
98%
5 Poire
92%
12 Banane
89%
3 Fraise
89%
14 Tomate
89%
10 Orange
81%
9 Carotte
76%
5 courgette
68%
5 Salade
67%
6 Pêche
66%
8 Clémentine
61%
3 Kiwi
56%
6 Melon
55%
4 Concombre
54%
4 Raisin
54%
3 Poireau
44%
5 Oignon
42%
2 Chou-fleur
35%
3 Pamplemousse
33%
6 Endive
22%
Aucun quiz correspondant
Distribution des résultats
% des personnes avec chaque résultat
Percentile par nombre de réponses
Votre historique - résultats
Vous n’avez pas pris ce quiz